| 000 | 01353nam a2200409 i 4500 | ||
|---|---|---|---|
| 001 | 44282 | ||
| 003 | KOSZ 005 | ||
| 005 | 20220914081536.0 | ||
| 008 | 031204s2003 pl a f f |000 0 pol | ||
| 015 | _aPB 2003/20819 | ||
| 020 | _a8301140658 | ||
| 040 |
_aWA N _cWA N _dKOSZ 005/HR |
||
| 041 | 0 | _apol | |
| 046 | _k2003 | ||
| 080 | _a336(438)"1989/..." | ||
| 080 | _a(075.8) | ||
| 245 | 0 | 0 |
_aSystem finansowy w Polsce / _cred. nauk. Bogusław Pietrzak, Zbigniew Polański, Barbara Woźniak. |
| 260 |
_aWarszawa : _bWydaw. Naukowe PWN, _c2003. |
||
| 300 |
_a838, [2] s. : _bil. ; _c25 cm. |
||
| 336 |
_2rdacontent _aTekst _btxt |
||
| 337 |
_2rdamedia _aBez urządzenia pośredniczącego _bn |
||
| 338 |
_2rdacarrier _aWolumin _bnc |
||
| 380 | _aKsiążki | ||
| 388 | _a2001- | ||
| 504 | _aBibliogr. przy rozdz. | ||
| 648 | 7 | _a2001- | |
| 650 | 4 | _aFinanse | |
| 651 | _aPolska | ||
| 655 | 4 | _aPodręczniki akademickie | |
| 658 | _aGospodarka, ekonomia, finanse | ||
| 700 | 1 |
_aPietrzak, Bogusław _d(1943- ) _eRedakcja |
|
| 700 | 1 |
_aPolański, Zbigniew _eRedakcja |
|
| 700 | 1 |
_aWoźniak, Barbara _eRedakcja |
|
| 710 | 2 |
_aWydawnictwo Naukowe PWN _4pbl. |
|
| 856 |
_uhttp://koha.tu.koszalin.pl/cgi-bin/koha/opac-detail.pl?biblionumber=44282 _yKatalog online BPK |
||
| 942 |
_2UKD _cKS |
||
| 999 |
_c44282 _d44282 |
||